000 00326 a2200157 4500
001 160559
020 _a
040 _cMagnum
100 _a-
240 1 0 _aChapeuzinho vermelho/loyola
_lpor
245 1 0 _aChapeuzinho vermelho/loyola
362 0 _a1899
440 1 _aLoyola
697 _aIJ/FADAS, FANTASIA
942 _cBK
999 _c160559
_d160559